Rendering para arquitectos /

Contiene: 1) Conceptos básicos sobre la representación gráfica; 2) Herramientas y recursos para el tratamiento de imágenes; 3) Modelado tridimensional; 4) Rendering; 5) La representación del entorno; 6) Diferentes sistemas gráficos aplicados al rendering.

Збережено в:
Бібліографічні деталі
Автор: Canal, María Fernanda (dirección)
Інші автори: Ubach, Tomàs (edición) (edición), Berasategui, Marina (texto) (texto)
Формат: Книга
Мова:Іспанська
Опубліковано: Barcelona, España : Parramón, 2009, c2009
Серія:(Aula de Dibujo Profesional)
Предмети:
Теги: Додати тег
Немає тегів, Будьте першим, хто поставить тег для цього запису!

MARC

LEADER 00000nam^a2200000^a^4500
001 000300900
005 20250521000000.0
009 20260310112527.446
020 |a 978-84-342-3560-1 
037 |a Acervo ITESO - Biblioteca 
041 |a ESP 
082 |a 720. 285  |b CAN 
100 |a Canal, María Fernanda  |e (dirección) 
245 1 0 |a Rendering para arquitectos /  |c Dir. de M.F. Canal ; ed. de T. Ubach ; texto de M. Berasategui... [et al.]. 
264 4 |a Barcelona, España :  |b Parramón,  |c 2009, c2009 
300 |a 191 p. 
336 |a texto  |b txt  |2 rdacontenido 
337 |a sin mediación  |b n  |2 rdamedio 
338 |a volumen  |b nc  |2 rdasoporte 
440 1 |a (Aula de Dibujo Profesional) 
520 |a Contiene: 1) Conceptos básicos sobre la representación gráfica; 2) Herramientas y recursos para el tratamiento de imágenes; 3) Modelado tridimensional; 4) Rendering; 5) La representación del entorno; 6) Diferentes sistemas gráficos aplicados al rendering. 
521 |a FIL 2017 EEnlace Departamento del Hábitat y Desarrollo Urbano 
649 |a XX 
650 |a Dibujo Arquitectónico -  |x Tema Principal 
650 |a Gráficas por Computadora -  |x Tema Principal 
650 |a Auxiliares de Ambientación 
650 |a Métodos Gráficos 
650 |a Representación Arquitectónica 
650 |a Diseño Asistido por Computadora 
650 |a Diseño Arquitectónico 
650 |a Arquitectura -  |x Técnica 
650 |a Arte -  |x Técnica 
700 |a Ubach, Tomàs  |e (edición) 
700 |a Berasategui, Marina  |e (texto) 
910 |a Fondo General 
920 |a Impresos - Libros 
930 |a Colección General 
905 |a 101 
901 |a 0500186680  |b IT1  |c ACC  |i C123743  |u 20250521 
902 |a https://opac.biblio.iteso.mx/vufind/Record/000300900